000 00554nmm a2200193Ia 4500
008 251105s9999||||xx |||||||||||||||||und||
020 _a9788433975430
041 _aspa
100 _aZulaika Goicoechea, Jesús
245 0 _aJuliet, desnuda
264 _a[Madrid, España] :
_bEditorial Anagrama,
_c2010
300 _a352 páginas
490 _aPanorama de narrativas
650 _aEnglish Narrative
700 _aZulaika Goicoechea, Jesús
700 1 _a Hornby, Nick
856 _uhttps://public.digitaliapublishing.com/a/33056
942 _cCF
999 _c72822
_d72822